<?xml version="1.0" encoding="UTF-8"?>
<collection xmlns:xsi="http://www.w3.org/2001/XMLSchema-instance" xsi:schemaLocation="http://www.loc.gov/MARC21/slim http://www.loc.gov/standards/marcxml/schema/MARC21slim.xsd" xmlns="http://www.loc.gov/MARC21/slim">
 <record>
  <leader>00000ctm a22000004a 4500</leader>
  <controlfield tag="001">UP-99796217605109404</controlfield>
  <controlfield tag="003">Buklod</controlfield>
  <controlfield tag="005">20080210002902.0</controlfield>
  <controlfield tag="006">a     r    |||| u|</controlfield>
  <controlfield tag="007">ta</controlfield>
  <controlfield tag="008">080210s2002    xx      r    |||| u|eng d</controlfield>
  <datafield tag="035" ind1=" " ind2=" ">
   <subfield code="a">(iLib)UPD-00000308651</subfield>
  </datafield>
  <datafield tag="040" ind1=" " ind2=" ">
   <subfield code="a">DCHE</subfield>
  </datafield>
  <datafield tag="041" ind1=" " ind2=" ">
   <subfield code="a">eng</subfield>
  </datafield>
  <datafield tag="090" ind1=" " ind2=" ">
   <subfield code="a">LG 993.5 2002 F66</subfield>
   <subfield code="b">G33</subfield>
  </datafield>
  <datafield tag="100" ind1="1" ind2=" ">
   <subfield code="a">Gabilo, Princess Amor A.</subfield>
  </datafield>
  <datafield tag="245" ind1="1" ind2="0">
   <subfield code="a">Textured and functional soy protein concentrates as binders in skinless tuna longganisa</subfield>
   <subfield code="c">Princess Amor A. Gabilo. ; Sonia Y. De Leon, adviser.</subfield>
  </datafield>
  <datafield tag="264" ind1=" " ind2="1">
   <subfield code="a">2002.</subfield>
  </datafield>
  <datafield tag="300" ind1=" " ind2=" ">
   <subfield code="a">110 leaves</subfield>
   <subfield code="b">ill.</subfield>
  </datafield>
  <datafield tag="500" ind1=" " ind2=" ">
   <subfield code="a">Thesis (BSFT)--University of the Philippines Diliman</subfield>
  </datafield>
  <datafield tag="520" ind1=" " ind2=" ">
   <subfield code="a">ABSTRACT Skinless pork and beef sausages (longganisa) are among the popular food items that Filipinos eat because they are delicious, easy to prepare, and economical. Current dietary recommendations, however, suggest people to decrease their consumption of saturated fats, which are obtained primarily from meat products, and to increase their consumption of unsaturated fats which are derived from fish and vegetables, as well as soy proteins, to avoid heart disease risks. Hence, this study was  designed to develop skinless tuna longanisa using textured soy protein concentrate (TSPC) and functional soy protein concentrate (FSPC) as binders. Four phases were utilized to achieve this goal: (1) selection of a control formulation for skinless tuna longaisa based onoverall acceptability and preference test: (2) determination of the optimum level of TSPC and FSPC to be incorporated  in skinless tuna longanisa; (3)standardization of the most acceptable TSPC- and FSPC-substituted skinless tuna longanisa through repeated bench scale production; and (4) proximate and microbiological analyses of the standardized TSPC-and FSPC-substituted skinless tuna longanisa. Based on the conditions of the study, it was shown that addition of soy proteins improved the juiciness, texture, and overall acceptability of skinless tuna longanisa. Also, it was observed that juiciness and tenderness of the product samples increased with increasing levels of TSPC and FSPC. Based on ANOVA (α = 0.050 and DMRT, the formulation with 30% TSPC and 2% FSPC was chosen as the most acceptable TSPC- and FSPC-substituted skinless tuna longanisa. Standardization of this formulation and process showed that this is reproducible based on student t-test analysis. The final product was ranked by the panelists as &quot;like moderately&quot;. The standardized formulation was found to contain the following nutrients: 16.6% protein; 16.0% fat; 0.51% fiber; 2.5% ash; 8.49% total available carbohydrates; and 55.9% moisture. The final product (cooked) was also found to have &lt; 250CFU/g using Standard Plate Count analysis.</subfield>
  </datafield>
  <datafield tag="650" ind1=" " ind2="4">
   <subfield code="a">Fish and fish products.</subfield>
  </datafield>
  <datafield tag="650" ind1=" " ind2="4">
   <subfield code="a">Soy protein concentrates.</subfield>
  </datafield>
  <datafield tag="650" ind1=" " ind2="0">
   <subfield code="a">Sausages.</subfield>
  </datafield>
  <datafield tag="700" ind1="1" ind2=" ">
   <subfield code="a">De Leon, Sonia Y.</subfield>
  </datafield>
  <datafield tag="905" ind1=" " ind2=" ">
   <subfield code="a">UPIANA</subfield>
  </datafield>
  <datafield tag="950" ind1=" " ind2=" ">
   <subfield code="a">Thesis</subfield>
  </datafield>
  <datafield tag="852" ind1="0" ind2=" ">
   <subfield code="a">UPD</subfield>
   <subfield code="b">DCHE</subfield>
   <subfield code="h">LG 993.5 2002 F66</subfield>
   <subfield code="i">G33</subfield>
  </datafield>
  <datafield tag="942" ind1=" " ind2=" ">
   <subfield code="a">Thesis</subfield>
  </datafield>
 </record>
</collection>
